000 00446nam a22001817a 4500
003 MPLRDC
005 20220104145844.0
008 210129b ||||| |||| 00| 0 eng d
020 _a967-9985-95-4
082 _a857.49 CXQ-13 c.2
100 _a曹雪芹
245 _a红楼梦. 改写本
_c
250 _a初版
260 _a
_b联营
_c1991
300 _b
650 _a话本小说及章回--红楼梦
942 _cBK
_o857.49 CXQ-13 c.2
999 _c51556
_d51546